Ces langues existent-elles ? - Mort Subite [MOYEN] - Statistiques

Statistiques générales
  • Ce quiz a été pris 225 fois
  • Le résultat moyen est 14 sur 30
Answers on the Grid
Answers color-coded by a green-red scale on the quiz's grid according to % correct below.
Arabe
Fidjien
Romanche
Breton
Wolof
Albanais
Albâtre
Allemand
Anglais
Austro-Hongrois
Balkanien
Baotien
Bolivien
Boréal
Bulgare
Cantonais
Carolingien
Centrasiatique
Corse
Dorian
Eolien
Espagnol
Estonien
Européen
Finnois
Guatémaltèque
Hébreu
Hespérien
Hindi
Igbo
Indonésien
Irlandais
Italien
Japonais
Letton
Maltais
Méditerranéen
Mexicain
Peul
Russe
Rwandais
Songhaï
Suédois
Suisse
Tobagalais
Tswana
Turkmène
Uruguayen
Xhosa
Zambrani
 
Statistiques - réponses
Réponse % Correct
Anglais
65%
Arabe
65%
Finnois
63%
Allemand
61%
Corse
61%
Italien
59%
Japonais
59%
Suédois
59%
Albanais
57%
Hindi
57%
Russe
57%
Hébreu
55%
Breton
51%
Estonien
51%
Irlandais
49%
Espagnol
47%
Cantonais
45%
Wolof
45%
Letton
43%
Maltais
43%
Romanche
43%
Bulgare
41%
Indonésien
35%
Turkmène
35%
Igbo
27%
Peul
27%
Xhosa
27%
Tswana
22%
Songhaï
18%
Fidjien
10%
Aucun quiz correspondant
Distribution des résultats
% des personnes avec chaque résultat
Percentile par nombre de réponses
Votre historique - résultats
Vous n’avez pas pris ce quiz